Các hệ thống tính toán và xử lý thông tin Computing and information processing systems

שמור ב:
מידע ביבליוגרפי
מחבר ראשי: TỔNG CỤC BƯU ĐIỆN
פורמט: ספר
שפה:Undetermined
יצא לאור: Hà Nội Bưu Điện 2001
נושאים:
תגים: הוספת תג
אין תגיות, היה/י הראשונ/ה לתייג את הרשומה!
Thư viện lưu trữ: Trung tâm Học liệu Trường Đại học Cần Thơ
LEADER 00642nam a2200181Ia 4500
001 CTU_48006
008 210402s9999 xx 000 0 und d
082 |a 621.382 
082 |b T455 
100 |a TỔNG CỤC BƯU ĐIỆN 
245 0 |a Các hệ thống tính toán và xử lý thông tin 
245 0 |b Computing and information processing systems 
245 0 |c TỔNG CỤC BƯU ĐIỆN; Dịch giả: Hồ Khánh Lâm 
260 |a Hà Nội 
260 |b Bưu Điện 
260 |c 2001 
650 |a information storage and retrieval systems 
980 |a Trung tâm Học liệu Trường Đại học Cần Thơ